Регионална библиотека "Любен Каравелов" - Русе

Моята първа готварска книга (Запис номер 328371)

MARC детайли
000 -Лидер
Контролно поле с фиксирана дължина 01802nam a2200349 a 4500
003 - Код на организацията, давaща контролен номер
Контролно поле BLK
005 - Дата и час на последна редакция
Контролно поле 20250214132542.0
008 - Елементи от данни с фиксирана дължина
fixed length control field 190118b bu a|||br|||| 00| 0 bu d
020 ## - Международен стандартен номер на книга ISBN
Международен стандартен номер на книга ISBN 9786191993673
040 ## - Източник на каталожния запис
Идентификатор на билиотеката - собственик на записа BLK
041 ## - Код за език
Код за езика на текст/звукозапис или на отделно заглавие Български
Код за езика КДБФ Български
080 ## - УДК
Текстов определител УДК Приготвяне на храна(общи въпроси). Рецепти. Готварски книги
УДК код - определител по УДК 641.55
УДК - код + определител 641.55
100 ## - Редна дума - Автор
R(LIN) 343356
Автор Уот, Фиона
Авторска отговорност първи автор
139 ## - Редно поле
Редна дума Уот, Фиона
Авторски знак Уор - У 70
245 ## - Сведения за заглавието
Заглавие Моята първа готварска книга
Редно поле (дума) Фиона Уат ; рецепти Катрин Аткинсън ... [и др.] ; ил. Стивън Картрайт, Моли Сейдж ; фотогр. Хауърд Олман ; прев. Албена Раленкова.
260 ## - Област на издателските данни
9 (RLIN) 209475
Място на издаване, разпространение и проч. София
Име на издателя, разпространителя и проч. Фют
Година на издаване 2018
Печатница Ропринт
300 ## - Физическа характеристика
Страници 48 с.
Илюстрации и др. с цв. ил.
Размери/Мащаб 27 см
380 ## - Жанр
Жанр Детска худож. лит.
500 ## - Общи забележки
Забележка Ориг. загл.: Children's cookbook<br/>Други авт. на рецепти: Роз Дени, Джулия Кирби Джоунс<br/>Възприета форма на името на ил. Хауърд Оуман е Хауърд Оумън
650 #7 - Допълнително описание по предмет – тема
9 (RLIN) 152335
Основно описание – тема или топоним Готварство
650 #7 - Допълнително описание по предмет – тема
9 (RLIN) 153133
Основно описание – тема или топоним Деца
700 ## - Други автори (авторска отговорност)
9 (RLIN) 1478
Лично име Аткинсън, Катрин
Автороска отговорност (Описва отношението между автора и произведението) състав.
700 ## - Други автори (авторска отговорност)
9 (RLIN) 1478
Лично име Дени, Роз
Автороска отговорност (Описва отношението между автора и произведението) състав.
700 ## - Други автори (авторска отговорност)
9 (RLIN) 1478
Лично име Кирби-Джоунс, Джулия
Автороска отговорност (Описва отношението между автора и произведението) състав.
700 ## - Други автори (авторска отговорност)
Лично име Раленкова, Албена Василева
Дати, свързани с автора 1968 -
Друга информация Преводач от английски и френски език.
9 (RLIN) 368050
852 ## - Местоположение
Форматна сигнатура Цб ІІ 23309
Фондова буква Хранилище
852 ## - Местоположение
Фондова буква Детски отдел
Систематично-азбучна сигнатура 62/У 70 Ф
999 ## - СИСТЕМНИ КОНТРОЛНИ НОМЕРА
Koha biblionumber 328371
Koha biblioitemnumber 328371
942 ## - АРТИКУЛИ
Вид на библиотечния материал Книги
Скрит в OPAC Не
Периодичен библиозапис Да
Koha issues (borrowed), all copies 11
944 ## - СЪЗДАВАНЕ И РЕДАКЦИЯ на ЗАПИСА
Създаване/Редакция Създаване
Дата на регистрацията/редакция 2019-01-18
Служител, извършил регистрацията/редакцията 30564
Статус, дата на статуса Анна Гръцманова
999 ## - СИСТЕМНИ КОНТРОЛНИ НОМЕРА
Koha biblioitemnumber 328371
999 ## - СИСТЕМНИ КОНТРОЛНИ НОМЕРА
Koha biblioitemnumber 328371
Наличности
Код за отписване Код за изгубен артикул Източник на класификационната схема Код за повреда Коз за рестрикции Код за отдаване Артикулен № Име на библиотеката - собственик Име на библиотеката, в която се намира в момента Статус (Текущо местоположение) Дата на вписване в системата Местоположение - отдел Цена в лева Систематично азбучна сигнатура Баркод Цена в евро Служебен тип на артикула
  Не е изгубен Universal Decimal Classification Не е повреден без рестрикции ползва се в читалня 689054 Регионална библиотека "Любен Каравелов" Русе Регионална библиотека "Любен Каравелов" Русе Хранилище 2019-02-12 Хранилище 5.99 Цб ІІ 23309 120000829239 3.06 Книги
  Не е изгубен Universal Decimal Classification Не е повреден без рестрикции заемане за дома 906646 Регионална библиотека "Любен Каравелов" Русе Регионална библиотека "Любен Каравелов" Русе Детски отдел 2022-10-06 Детски отдел 5.00 64/У 70 Ф 120000878008 2.56 Книги
  Не е изгубен Universal Decimal Classification Не е повреден без рестрикции заемане за дома 906647 Регионална библиотека "Любен Каравелов" Русе Регионална библиотека "Любен Каравелов" Русе Детски отдел 2022-10-06 Детски отдел 5.00 64/У 70 Ф 120000878009 2.56 Книги
  Не е изгубен Universal Decimal Classification Не е повреден без рестрикции заемане за дома 906648 Регионална библиотека "Любен Каравелов" Русе Регионална библиотека "Любен Каравелов" Русе Детски отдел 2022-10-06 Детски отдел 5.00 64/У 70 Ф 120000878007 2.56 Книги
Vip Innovations Ltd, Rousse, Bulgaria 2025